1036 1532 1897 1236 1132 1450 1081 1384 1632 1642 1882 1838 1309 1472 1925 1634 1296 1922 1355 1213 1637 1637 1378 1723 1866 1597 1501 1204 1845 1418 1135 1730 1217 1624 1810 1060 1501 1163 1718 1890 1251 1332 1920 1562 1213 1533 1031 1780 1914 1822 1241 1169 1579 1621 1219 1881 1997 1222 1749 1680 1764 1311 1476 1043 1495 1112 1747 1478 1614 1623 1609 1303 1716 1521 1310 1427 1414 1870 1829 1279 1778 1059 1675 1850 1636 1122 1976 1851 1951 1157 1573 1334 1322 1878 1116 1475 1550 1419 1070 BCNSPRNW ULIB Ver.6.0+V

เปลี่ยนเป็นภาษาไทย

Change to English
 แสดงรายละเอียดบรรณานุกรม
  กลับหน้าหลัก

Brief Record : Get Marc (ISO 2709) : E-mail record : QR code < ปิดหน้าต่าง
LEADER : 00000nam 2200000uu 4500
001    13399128419
003     ULIB
008    230815s2565||||th 000 0 tha d
020    ^a9786160454150
060  4 ^aWW140^bฮ456จ
100 1  ^aฮิระมะสึ, รุอิ,^eผู้แต่ง
240 10 ^aKanja ga taenai charisma gankai ga yatteru shitsumeishinai shukan.^lภาษาไทย
245 10 ^aจักษุแพทย์แนะนำ ทำอย่างไรไม่ให้สายตาเสื่อม = Kanja ga taenaicharisma gankai ga yatteru shitsumei shinai shukan /^cรุอิฮิระมะสึ, แต่ง ; วิธารณี จงสถิตย์วัฒนา, แปล
250    ^aพิมพ์ครั้งที่ 1
260    ^aกรุงเทพฯ:^bนานมีบุ๊คส์;^c2565
300    ^a154 หน้า :^bภาพประกอบ ;^c21 ซม
650  2 ^aEye Diseases
650  2 ^aEye Diseases^xprevention & control
650  2 ^aEye
700 0  ^aวิธารณี จงสถิตย์วัฒนา,^eผู้แปล
700 1  ^aHiramatsu, Rui,^eauthor.^tKanja ga taenai charisma gankaiga yatteru shitsumei shinai shukan
945    ^p195^l0^i010136
945    ^p195^l0^i010137
945    ^p195^l0^i010138
999    ^aประนอม เกษจรัล
รายการนี้ยังไม่มีแท็ก
คุณยังไม่ได้ล็อกอิน คุณสามารถมีกิจกรรมร่วมกับเว็บไซต์ได้ แต่ต้องล็อกอินก่อน ::
  ล็อกอิน

รายการสื่อสารสนเทศ

ลำดับที่ ประเภท เลขเรียก/บาร์โค้ด สถานที่ สถานะ
1. วิทยาศาสตร์การแพทย์ และสุขภาพ
หนังสือสำรอง
สถานะ=หนังสือสำรอง
WW140 ฮ456จ ฉ.1 
  Barcode: 010136
ห้องสมุดวิทยาเขตสวรรค์ประชารักษ์
►หนังสือทั่วไป
บนชั้น
2. วิทยาศาสตร์การแพทย์ และสุขภาพ
วิทยาศาสตร์การแพทย์ และสุขภาพ
WW140 ฮ456จ ฉ.2 
  Barcode: 010137
ห้องสมุดวิทยาเขตสวรรค์ประชารักษ์
►หนังสือทั่วไป
บนชั้น
3. วิทยาศาสตร์การแพทย์ และสุขภาพ
วิทยาศาสตร์การแพทย์ และสุขภาพ
WW140 ฮ456จ ฉ.3 
  Barcode: 010138
ห้องสมุดวิทยาเขตสวรรค์ประชารักษ์
►หนังสือทั่วไป
บนชั้น

รายการใกล้เคียง
    หัวเรื่อง [Eye Diseases]
    หัวเรื่อง [Eye]

BibComment


ยังไม่เคยถูกคอมเมนท์

คอมเมนท์ทรัพยากรรายการนี้
  คอมเมนท์: จักษุแพทย์แนะนำ ..


 Copyright 2026. Bcnsprnw @Library